[Event "4NCL Division 4 South"]
[Site "Reading, ENG"]
[Date "2018.01.14"]
[Round "4.99"]
[White "Gilmore, Samuel"]
[Black "Tart, Peter K"]
[Result "0-1"]
[WhiteElo "1720"]
[BlackElo "1932"]
[PlyCount "126"]
[EventDate "2018.01.14"]

1. d4 e6 2. Nf3 f5 3. Bf4 Nf6 4. e3 Be7 5. c3 O-O 6. Nbd2 Nc6 7. h3 d6 8. Qc2
Qe8 9. Bd3 Bd8 10. g4 e5 11. Bc4+ Kh8 12. dxe5 dxe5 13. Bg5 e4 14. Bxf6 Bxf6
15. Nd4 Nxd4 16. cxd4 Bh4 17. Rf1 b5 18. Bd5 Rb8 19. gxf5 Bxf5 20. Bxe4 Bxe4
21. Nxe4 Qe6 22. Kd2 Rbe8 23. f3 Qxh3 24. Rh1 Qg2+ 25. Kc3 Qxc2+ 26. Kxc2 Bd8
27. Raf1 g5 28. Kd3 Kg7 29. Nc5 Kg6 30. e4 Rf4 31. Ke3 c6 32. b4 Rf7 33. Nd3
Bc7 34. Rhg1 h5 35. f4 g4 36. f5+ Kg5 37. Nf2 g3 38. Kf3 h4 39. Nh3+ Kh5 40.
Rg2 Rd8 41. Ke3 Bb6 42. Rd1 Rxd4 43. Rxd4 Bxd4+ 44. Kxd4 Kg4 45. Ng1 h3 46.
Nxh3 Kxh3 47. Re2 g2 48. Re1 Kg3 49. Ke3 Rh7 50. Rg1 Rh1 51. Rxg2+ Kxg2 52. e5
Kg3 53. Kd4 Kf4 54. f6 Rd1+ 55. Kc5 Kxe5 56. Kxc6 Rd6+ 57. Kxb5 Rxf6 58. a3 Kd5
59. a4 Rh6 60. a5 a6+ 61. Ka4 Kc4 62. Ka3 Rh3+ 63. Ka2 Kxb4 0-1

[Event "4NCL Division 4 South"]
[Site "Reading, ENG"]
[Date "2018.01.14"]
[Round "4.99"]
[White "Upham, John E"]
[Black "Kesterson, Kennan"]
[Result "0-1"]
[WhiteElo "1607"]
[BlackElo "1592"]
[PlyCount "58"]
[EventDate "2018.01.14"]

1. d4 Nf6 2. Nf3 g6 3. Nc3 d5 4. Bf4 Bg7 5. e3 O-O 6. Be2 a6 7. Ne5 Nbd7 8. h4
c6 9. h5 Nxe5 10. Bxe5 b5 11. Bxf6 Bxf6 12. Qd2 a5 13. Bd3 e6 14. O-O-O a4 15.
e4 b4 16. Ne2 b3 17. a3 bxc2 18. Bxc2 Bd7 19. Kb1 Bg7 20. Rh2 Qe7 21. Nc3 Rfb8
22. Ka2 c5 23. exd5 cxd4 24. hxg6 hxg6 25. Rdh1 dxc3 26. Rh8+ Bxh8 27. Rxh8+
Kxh8 28. Qh6+ Kg8 29. Bxg6 Rxb2+ 0-1

[Event "4NCL Division 4 South"]
[Site "Reading, ENG"]
[Date "2018.01.14"]
[Round "4.99"]
[White "Karia, Rishul"]
[Black "Stoyanov, Viktor"]
[Result "0-1"]
[WhiteElo "1915"]
[BlackElo "2027"]
[PlyCount "54"]
[EventDate "2018.01.14"]

1. e4 c5 2. Nc3 Nc6 3. f4 g6 4. Bc4 Bg7 5. Nf3 e6 6. e5 d5 7. Bb5 Nge7 8. d4
cxd4 9. Nxd4 O-O 10. Be3 f6 11. Bxc6 bxc6 12. Nf3 Qa5 13. O-O c5 14. Bd2 Qb6
15. a4 Ba6 16. Re1 Nf5 17. Rb1 Nd4 18. Nxd4 cxd4 19. Na2 fxe5 20. a5 Qc7 21.
Nb4 Bb5 22. Qg4 Qf7 23. Nd3 e4 24. Nc5 e5 25. Ne6 Bd7 26. f5 Bxe6 27. fxe6 Qf2+
0-1

[Event "4NCL Division 4 South"]
[Site "Reading, ENG"]
[Date "2018.01.14"]
[Round "4.99"]
[White "Vallis, Luke"]
[Black "Willmoth, Harrison"]
[Result "1-0"]
[WhiteElo "1975"]
[BlackElo "1825"]
[PlyCount "145"]
[EventDate "2018.01.14"]

1. c4 e5 2. g3 d6 3. Bg2 f5 4. Nc3 Nf6 5. d3 Be7 6. e4 c6 7. Nge2 O-O 8. O-O
Be6 9. f4 Qb6+ 10. Kh1 Nfd7 11. b3 Na6 12. d4 fxe4 13. Nxe4 d5 14. cxd5 cxd5
15. N4c3 e4 16. Be3 Nb4 17. Qd2 g6 18. Nxe4 dxe4 19. d5 Bc5 20. Bxc5 Nxc5 21.
dxe6 e3 22. Qc3 Rfe8 23. a3 Nc6 24. Qxe3 Nxe6 25. Qxb6 axb6 26. Bd5 Kg7 27.
Rfc1 Ned8 28. Ng1 Re3 29. a4 Nf7 30. Rab1 Ncd8 31. Rb2 Ra5 32. Rd2 Rc5 33. Rxc5
bxc5 34. Rc2 b6 35. a5 bxa5 36. Rxc5 Nd6 37. Rxa5 N8b7 38. Ra7 Re7 39. Nf3 Kf6
40. Bxb7 Nxb7 41. b4 Rc7 42. Nd4 Rc1+ 43. Kg2 Nd6 44. Ra6 Ke7 45. Ra7+ Kf6 46.
b5 Rc4 47. Nf3 Nxb5 48. Rxh7 Rc2+ 49. Kh3 Kf5 50. Rb7 Nd6 51. Nd4+ Kf6 52. Rb6
Rd2 53. Rxd6+ Ke7 54. Rd5 Kf6 55. Rd6+ Kf7 56. Nf5 Rc2 57. Nh4 Rb2 58. Rxg6 Rc2
59. Rb6 Rd2 60. Nf3 Ra2 61. Kg4 Ra5 62. h4 Rc5 63. h5 Ra5 64. Ne5+ Ke7 65. Nc6+
Kd7 66. Nxa5 Kc7 67. Rc6+ Kd7 68. h6 Ke7 69. h7 Kd7 70. h8=Q Ke7 71. Qf6+ Ke8
72. Qg7 Kd8 73. Nb7+ 1-0

[Event "4NCL Division 4 South"]
[Site "Reading, ENG"]
[Date "2018.01.14"]
[Round "4.99"]
[White "Hung, Jake"]
[Black "Stoyanov, Boris"]
[Result "1-0"]
[WhiteElo "1757"]
[BlackElo "1540"]
[PlyCount "51"]
[EventDate "2018.01.14"]

1. c4 Nf6 2. g3 e6 3. Bg2 d5 4. Nf3 c6 5. O-O Bd6 6. d3 O-O 7. Nc3 Nbd7 8. e4
Bc7 9. h4 Nb6 10. cxd5 cxd5 11. e5 Ne8 12. Bh3 f6 13. d4 Nc4 14. b3 Na5 15. Re1
f5 16. Bg5 Qd7 17. Na4 b6 18. Rc1 Bd8 19. Nb2 Bxg5 20. Nxg5 h6 21. Nf3 f4 22.
g4 Qe7 23. g5 h5 24. g6 Bb7 25. Ng5 Nc6 26. Bxe6+ 1-0

[Event "4NCL Division 4 South"]
[Site "Reading, ENG"]
[Date "2018.01.14"]
[Round "4.99"]
[White "Isaksen, Peter A"]
[Black "Webb, Richard M"]
[Result "1/2-1/2"]
[WhiteElo "1907"]
[BlackElo "2232"]
[PlyCount "74"]
[EventDate "2018.01.14"]

1. e4 c5 2. c3 e5 3. Nf3 Nc6 4. d4 cxd4 5. cxd4 exd4 6. Nxd4 Nf6 7. Nc3 Bb4 8.
Nxc6 bxc6 9. Bg5 h6 10. Bh4 O-O 11. Bd3 d5 12. O-O Bxc3 13. bxc3 dxe4 14. Bxf6
Qxd3 15. Bd4 Qxd1 16. Rfxd1 Be6 17. a3 a5 18. Rab1 Rfb8 19. Be5 Rxb1 20. Rxb1
Ra7 21. Kf1 Rd7 22. Ke2 Bc4+ 23. Ke1 f6 24. Bd4 Kh7 25. Rb8 Kg6 26. Ra8 Rd5 27.
Rb8 Rg5 28. g3 Rd5 29. Rb7 a4 30. Be3 Bb3 31. Rc7 Rd1+ 32. Ke2 Rd6 33. Bd4 h5
34. h4 Bd5 35. Ke3 Rd8 36. Ra7 Bb3 37. Kxe4 Bc2+ 1/2-1/2

[Event "4NCL Division 4 South"]
[Site "Reading, ENG"]
[Date "2018.01.14"]
[Round "4.99"]
[White "Purdon, Colin"]
[Black "Vallis, Nicholas J"]
[Result "1-0"]
[WhiteElo "2066"]
[BlackElo "1735"]
[PlyCount "79"]
[EventDate "2018.01.14"]

1. d4 Nf6 2. c4 g6 3. Nc3 Bg7 4. e4 d6 5. Nf3 O-O 6. h3 Nbd7 7. Be2 c5 8. d5
Nb6 9. O-O e6 10. a4 exd5 11. cxd5 Re8 12. a5 Nbd7 13. Qc2 Ne5 14. Nxe5 Rxe5
15. Bf4 Re8 16. Bf3 b6 17. a6 Qe7 18. Rfe1 Nd7 19. Qd2 Ne5 20. Be2 Bd7 21. Be3
f5 22. exf5 Bxf5 23. f4 Nf7 24. Bb5 Bd7 25. Bxc5 Qd8 26. Bd4 Bxb5 27. Nxb5 Qd7
28. Bxg7 Kxg7 29. Nd4 Nd8 30. Rxe8 Qxe8 31. Re1 Qf7 32. Ne6+ Nxe6 33. dxe6 Qe7
34. Qd5 Re8 35. f5 Kf6 36. Qd4+ Kxf5 37. Rf1+ Kg5 38. Qf4+ Kh5 39. g4+ Kh4 40.
g5+ 1-0

[Event "4NCL Division 4 South"]
[Site "Reading, ENG"]
[Date "2018.01.14"]
[Round "4.99"]
[White "Clarke, James"]
[Black "Marley, Andrew S G"]
[Result "0-1"]
[WhiteElo "1330"]
[BlackElo "1943"]
[PlyCount "82"]
[EventDate "2018.01.14"]

1. d4 Nf6 2. c4 g6 3. Nc3 Bg7 4. e4 d6 5. Nf3 O-O 6. Be2 e5 7. d5 a5 8. O-O Na6
9. Bg5 Qe8 10. Re1 Nh5 11. Qd2 f5 12. Bh6 Nf6 13. exf5 gxf5 14. Qg5 Qg6 15.
Qxg6 hxg6 16. Bxg7 Kxg7 17. a3 Bd7 18. Ng5 Nc5 19. b4 Nb3 20. Rab1 a4 21. b5
Kh6 22. h4 Nc5 23. Bd1 c6 24. dxc6 bxc6 25. b6 Bc8 26. Bc2 Bb7 27. Rb4 Nfd7 28.
Nxa4 Nxa4 29. Rxa4 Rxa4 30. Bxa4 Nxb6 31. Rb1 Nxa4 32. Rxb7 Kh5 33. Rh7+ Kg4
34. f3+ Kg3 35. Rb7 Nc5 36. Rb2 Ra8 37. Ra2 Ra4 38. Nf7 Rxc4 39. Kf1 Rc1+ 40.
Ke2 Rg1 41. Ke3 f4+ 0-1